Statistiche per Ricostruisci la Carriera dell'Allenatore - Italia - Quiz n°2

Clicka qui per fare il quiz!

Statistiche generali

  • Questo quiz è stato fatto 20 volte
  • Il punteggio medio è 7 su 14

Statistiche sulle risposte

AllenatoreCarrieraCalciatore% Corretto
Antonio ConteArezzo 2006. Arezzo 2007, Bari 2007-2009, Atalanta 2009-2010, Siena 2010-2011, .......... 2011-2014, Italia 2014-2016, Chelsea 2016-2018, Inter 2019-2021, Tottenham 2021-Juventus
100%
Cesare PrandelliAtalanta 1993-1994, Lecce 1997-1998, Hellas Verona 1998-2000, Venezia 2000-2001, Parma 2002-2004, Roma 2004, .......... 2005-2010, Italia 2010-2014, Galatasaray 2014, Valencia 2016, Al-Nassr 2017-2018, Genoa 2018-2019, Fiorentina 2020-2021Fiorentina
79%
Claudio RanieriVigor Lamezia 1986-1987, Campania Puteolana 1987-1988, Cagliari 1988-1991, Napoli 1991-1992, Fiorentina 1993-1997, Valencia 1997-1999, Atletico Madrid 1999-2000, Chelsea 2000-2004, Valencia 2004-2005, Parma 2007, Juventus 2007-2009, Roma 2009-20211, Inter 2011-2012, Monaco 2012-2014, Grecia 2014, .......... 2015-2017, Nantes 2017-2018, Fulham 2018-2019, Roma 2019, Sampdoria 2019-2021, Watford 2021-2022, Cagliari 2023-Leicester City
74%
Francesco GuidolinGiorgione 1988-1989, Treviso 1989-1990, Fano 1990-1991, Empoli 1991-1992, Ravenna 1992-1993, Atalanta 1993, Vicenza 1994-1998, Udinese 1998-1999, Bologna 1999-2003, Palermo 2004-2005, Genoa 2005, Monaco 2005-2006, Palermo 2006-2008, Parma 2008-2010, .......... 2010-2014, Swansea City 2016Udinese
74%
Gian Piero GasperiniCrotone 2003-2004, Crotone 2005-2006, Genoa 2006-2010, Inter 2011, Palermo 2012-2013, Palermo 2013, .......... 2013-2016, Atalanta 2016-Genoa
68%
Vincenzo ItalianoVigontina San Paolo 2016-2017, Arzignano Valchiampo 2017-2018, Trapani 2018-2019, .......... 2019-2021, Fiorentina 2021-Spezia
68%
Gennaro Ivan GattusoSion 2013, Palermo 2013, OFI Creta 2014, .......... 2015-2017, Milan 2017-2019, Napoli 2019-2021, Valencia 2022-2023Pisa
53%
Luigi Di BiagioItalia Under-20 2011-2013, Italia Under-21 2013-2019, Italia 2018, .......... 2020SPAL
47%
Walter ZengaNew England Revolution 1998-1999, Brera 2000-2001, Național Bucarest 2002-2003, Național Bucarest 2003, Steaua Bucarest 2004-2005, Stella Rossa 2005-2006, Gaziantepspor 2006-2007, Al-Ain 2007, Dinamo Bucarest 2007, .......... 2008-2009, Palermo 2009, Al-Nassr 2010, Al-Nasr 2011-2013, Al-Jazira 2013-2014, Sampdoria 2015, Al-Shaab 2015-2016, Wolverhampton 2016, Crotone 2017-2018, Venezia 2018-2019, Cagliari 2020Catania
37%
Delio RossiTorremaggiore 1990-1991, Salernitana 1993-1995, Foggia 1995-1996, Pescara 1996-1997, Salernitana 1997-1999, Genoa 1999-2000, Pescara 2000, Pescara 2001, Lecce 2002-2004, Atalanta 2004-2005, .......... 2005-2009, Palermo 2009-2011, Fiorentina 2011-2012, Sampdoria 2012-2013, Bologna 2015, Levski Sofia 2017-2018, Palermo 2019, Ascoli 2020Lazio
37%
Edoardo RejaMolinella 1979-1980, Monselice 1980-1981, Pordenone 1981, Monselice 1982-1983, Pro Gorizia 1983-1984, Treviso 1984-1985, Mestre 1985-1986, Varese 1987, Pescara 1989-1990, Cosenza 1990-1992, Hellas Verona 1992-1993, Bologna 1993-1994, Lecce 1994-1995, Brescia 1996-1997, Torino 1997-1998, Vicenza 1999-2001, Genoa 2001-2002, Catania 2003, Cagliari 2003-2004, .......... 2005-2009, Hajduk Spalato 2009-2010, Lazio 2010-2012, Lazio 2014, Atalanta 2015-2016, Albania 2019-2022Napoli
32%
Ferruccio ValcareggiPiombino 1952-1955, Prato 1955-1959, Atalanta 1959-1962, Fiorentina 1962-1964, Atalanta 1964-1965, .......... 1966-1974, Hellas Verona 1975-1978, Roma 1978-1979, Italia B 1979-1984, Fiorentina 1984-1985, Settignanese 1998-2004Italia
26%
Cristiano LucarelliPerugia 2013, Viareggio 2013-2014, Pistoiese 2014-2015, Tuttocuoio 2015-2016, Messina 2016-2017, Catania 2017-2018, Livorno 2018, Catania 2019-2020, .......... 2020-2022Ternana
26%
Marco BaroniRondinella 200-2001, Montevarchi 2001, Hellas Verona 2002-2003, Carrarese 2003-2004, Südtirol 2005-2006, Ancona 2006-2007, Siena 2009, Cremonese 2010, Virtus Lanciano 2013-2014, Pescara 2014-2015, Novara 2015-2016, .......... 2016-2017, Frosinone 2018-2019, Cremonese 2019-2020, Reggina 2020-2021, Lecce 2021-Benevento
11%

Distribuzione punteggi

Percentile per numero di risposta

Percentuale di utenti per punteggio

I tuoi punteggi nel tempo

Non hai fatto questo quiz